| 000 | 00616nam a2200205 i 4500 | ||
|---|---|---|---|
| 001 | 81769 | ||
| 003 | ES-MaACL | ||
| 005 | 20230906174516.0 | ||
| 007 | t| | ||
| 008 | 041105s1958 sp ||||1| spa d | ||
| 100 | 1 |
_aHuxley, Aldous, _d1894-1963 _964858 |
|
| 245 | 1 | 3 |
_aUn mundo feliz / _cAldous Huxley ; [versión castellana de Luys Santamarina]. |
| 260 |
_aBarcelona : _bG.P., _c[1958] ( _fGuada) |
||
| 300 |
_a191 p. ; _c18 cm. |
||
| 490 | 1 | _aLibros Plaza | |
| 700 | 1 |
_aSanta Marina, Luys. _9103247 |
|
| 830 | 0 |
_aLibros Plaza _9181449 |
|
| 852 |
_aES-MaACL _jC-15261 _bR.42863 |
||
| 999 |
_c81769 _d81769 |
||